Five go to mystery moor (Record no. 573124)

MARC details
000 -LEADER
fixed length control field 00406nam a22001697a 4500
008 - FIXED-LENGTH DATA ELEMENTS--GENERAL INFORMATION
fixed length control field 250620b |||||||| |||| 00| 0 eng d
020 ## - INTERNATIONAL STANDARD BOOK NUMBER
ISBN 9780340894668
Paper back/Hardbound pbk
041 ## - LANGUAGE CODE
Language code of text/sound track or separate title eng
082 ## - DEWEY DECIMAL CLASSIFICATION NUMBER
Classification number 823.912
Item number BLY
100 ## - MAIN ENTRY--AUTHOR NAME
Personal name Blyton, Enid
245 ## - TITLE STATEMENT
Title Five go to mystery moor
260 ## - PUBLICATION, DISTRIBUTION, ETC. (IMPRINT)
Place of publication India
Name of publisher Hachette
Year of publication 2004
300 ## - PHYSICAL DESCRIPTION
Number of Pages 256
490 ## - SERIES STATEMENT
Series statement The Famous Five
942 ## - ADDED ENTRY ELEMENTS (KOHA)
Koha item type English Books
Holdings
Withdrawn status Lost status Damaged status Not for loan Home library Current library Shelving location Date acquired Full call number Accession Number Price effective from Koha item type
        Anna Centenary Library Anna Centenary Library CHILDREN SECTION-1ST FLOOR, B WING 18.04.2018 823.912 BLY 600168 20.06.2025 English Books

Find us on the map